[Event "POL-chT 1st League"]
[Site "Katowice"]
[Date "2010.09.09"]
[Round "6"]
[White "Helis, Tadeusz"]
[Black "Gola, Karol"]
[Result "1-0"]
[WhiteElo "2277"]
[BlackElo "2211"]
[PlyCount "75"]
[EventDate "2010.09.04"]
[EventType "team-tourn"]
[EventRounds "9"]
[EventCountry "POL"]
[SourceTitle "EXT 2019"]
[Source "ChessBase"]
[SourceDate "2018.10.10"]
[SourceVersion "1"]
[SourceVersionDate "2018.10.10"]
[SourceQuality "1"]
[WhiteTeam "Raciborz Silesia"]
[BlackTeam "Gliwice Politechnika Slaska"]
[WhiteTeamCountry "POL"]
[BlackTeamCountry "POL"]

1. Nf3 d5 2. c4 e6 3. g3 Nf6 4. Bg2 Be7 5. b3 c5 6. 0-0 d4 7. e3 Nc6 8. exd4 cxd4 9. Re1 0-0 10. Bb2 Qb6 11. d3 Nd7 12. Na3 e5 13. Nc2 Bc5 14. Rb1 Qc7 15. a3 Rd8 16. b4 Bf8 17. Qe2 f6 18. Nh4 Ne7 19. f4 exf4 20. Nxd4 Ne5 21. gxf4 N5g6 22. Nxg6 Nxg6 23. f5 Nf4 24. Qe4 a5 25. Ne6 Bxe6 26. fxe6 Bd6 27. c5 Be5 28. e7 Rxd3 29. Qc4+ Kh8 30. Qxf4 Qxe7 31. Bxe5 fxe5 32. Rxe5 Qd7 33. Rbe1 Rd1 34. h3 h6 35. Qe4 axb4 36. axb4 Rxe1+ 37. Qxe1 Qd4+ 38. Qe3 1-0